000 00899nam a2200229Ia 4500
001 L248-15688
003 IT-CnALBA
008 170116s9999||||xx |||||||||||||| ||und||
040 _aIT-CnALBA
_cIT-CnALBA
041 _aITALIANO
100 _aMIONI UGO, MONS. DOTT.
245 0 _aIL LIBRO DELLA SORELLA MORTE.
250 _a1a ed.
260 _a PISA. FIR. FAENZA
_bSALESIANA LIBR. EDIT.
_c1912 [1° Ed.:1912 - Ed.Ling.Originale: 1912]
300 _a162 p.
500 _aTRADUZIONE DI UN MANOSCRITTO ARABO. COMMEDIA UMANA. AFORISMI. TOMBE. MORTE. FRANCESCO. ANIME. DIARIO.
501 _aSocietà San Paolo EM - Piazza San Paolo, 14 - 12051 ALBA (CN) (non commercial uses only) ® Copyright 2017
520 _aTRADUZIONE DI UN MANOSCRITTO ARABO. COMMEDIA UMANA. AFORISMI. TOMBE. MORTE. FRANCESCO. ANIME. DIARIO.
650 _aASCETICA E MISTICA
942 _cBK
957 _71
999 _a20438
_bSI
_g Copie: 1
_c274857
_d274857